banner-ar

تقرير لجنة 9/11 : (Record no. 66328)

MARC details
000 -الفاتح
حقل البيانات ثابتة الطول 01237nam a2200265Ia 4500
005 - وقت وتاريخ اخر تعامل مع التسجيلة
رقم الضبط 20240530110912.0
008 - عناصر البيانات ثابتة الطول - معلومات عامة
حقل البيانات ثابتة الطول 140319s2006 ua g 000 0 ara d
017 ## - رقم الايداع القانونى
رقم الايداع القانونى 2006/11547
المصدر ( الهيئة المختصة) مصر. دار الكتب
020 ## - الرقم الدولى المعيارى للكتب
الرقم الدولى المعيارى للكتاب 9772273586
040 ## - مصدر الفهرسة
وكالة الفهرسة الأصلية GCL /
وكالة النسخ GCL
082 04 - رقم تصنيف ديوى العشرى
رقم التصنيف 327.117973/
رقم المادة ح ت
245 00 - بيان العنوان
العنوان تقرير لجنة 9/11 :
بقية العنوان تقرير اللجنة القومية الامريكية عن الهجمات على الولايات المتحدة /
بيان المسئوليه,etc تحرير وتقديم حسن ابو طالب ؛ فريق الترجمة ليلى زيدان، الفت اغا، احمد سلطان
260 ## - PUBLICATION, DISTRIBUTION, ETC. (IMPRINT)
تاريخ النشر أو التوزيع 2006
300 ## - الوصف المادى
التعداد 637 ص ؛
أبعاد الوعاء 32 سم.
650 07 - المدخل الاضافى بالموضوع-مصطلح موضوعى
مصدر الرأس أو المصطلح qrmak
مصطلح موضوعي الجرائم الدولية
650 07 - المدخل الاضافى بالموضوع-مصطلح موضوعى
مصدر الرأس أو المصطلح qrmak
مصطلح موضوعي احداث 11 سبتمبر
650 07 - المدخل الاضافى بالموضوع-مصطلح موضوعى
مصدر الرأس أو المصطلح qrmak
مصطلح موضوعي الارهاب
التقسيم الفرعي الجغرافي الولايات المتحدة الامريكية
700 0# - المدخل الاضافى - اسم شخصى
الإسم الشخصى حسن ابو طالب
الدور محرر ومقدم
700 0# - المدخل الاضافى - اسم شخصى
الإسم الشخصى ليلى زيدان
الدور مترجم
700 0# - المدخل الاضافى - اسم شخصى
الإسم الشخصى الفت اغا
الدور مترجم
700 0# - المدخل الاضافى - اسم شخصى
الإسم الشخصى احمد سلطان
الدور مترجم
942 ## - عناصر المدخل الإضافي( كوها)
مصدر التصنيف او مخطط الترفيف Dewey Decimal Classification
Koha [default] item type كتاب
260 ## - PUBLICATION, DISTRIBUTION, ETC. (IMPRINT)
-- القاهرة :
-- مركز الدراسات السياسية والاستراتيجية بالاهرام،
Holdings
حالة التراجع حالة الفقد مصدر التصنيف او خطة الترفيف حالة تلف ليس للاعارة المكان المؤقت الموقع الحالى موقع الترفيف تاريخ الاكتساب اجمالي اﻻعارات رقم الطلب الباركود تاريخ اخر مشاهدة تاريخ تفعيل السعر نوع وعاء كوها
    ddc     مكتبة القاهرة الكبرى مكتبة القاهرة الكبرى ق الرئيسية_التاريخ والجغرافيا_ك عربى 03/17/2022   327.117973/ ح ت 167665 03/17/2022 03/17/2022 كتاب

Powered By

EGPV